| 000 | 00000cas 2200000zi 4500 |
| 001 | 9.955425 |
| 003 | CaOODSP |
| 005 | 20251210091959 |
| 006 | m o d f |
| 007 | cr cn |||||||| |
| 008 | 250917c20239999mbcar p o s f0 0eng|d |
| 040 | |aCaOODSP|beng|erda|cCaOODSP |
| 043 | |an-cn-bc|an-cnp-- |
| 086 | 1 |aA92-65E-PDF |
| 245 | 00|aCanada Western Red Spring (CWRS) wheat. |pHarvest quality data for no. 1 CWRS, western prairie aggregates. |
| 264 | 1|a[Winnipeg] : |bCanadian Grain Commission = Commission canadienne des grains, |c[2023]- |
| 310 | |aAnnual |
| 336 | |atext|btxt|2rdacontent |
| 337 | |acomputer|bc|2rdamedia |
| 338 | |aonline resource|bcr|2rdacarrier |
| 362 | 1 |aBegan with: 2023. |
| 500 | |aIssued also in French under title: Blé roux de printemps de l'Ouest canadien (CWRS). Données sur la qualité des récoltes de blé CWRS no 1, échantillons de l'Ouest des Prairies regroupés. |
| 520 | |a"This report presents harvest quality data for Canada Western Red Spring (CWRS) wheat ... Wheat samples were submitted to the Canadian Grain Commission's Harvest Sample Program by producers. Quality data is compiled from the results of analytical tests performed in the Grain Research Laboratory." |
| 588 | |aDescription based on: 2023; title from PDF caption. |
| 588 | |aLatest issue consulted: 2024. |
| 650 | 0|aRed spring wheat|xQuality|zCanada, Western|vStatistics|vPeriodicals. |
| 655 | 7|aPeriodicals|2lcgft |
| 655 | 7|aStatistics|2lcgft |
| 710 | 2 |aCanadian Grain Commission, |eissuing body. |
| 710 | 2 |aGrain Research Laboratory (Canada), |eissuing body. |
| 775 | 08|tBlé roux de printemps de l'Ouest canadien (CWRS). |w(CaOODSP)9.955424 |